000 00904nam a22002297a 4500
008 090220t xxu||||| |||| 00| 0 eng d
010 _aENG-93031
020 _c75.00
035 _aEN-76564
037 _bDBAD / PUB
040 _adpl
_bEnglish
082 _a881.08
100 _aKavitha, S.P.
245 _aAscension in Sri Aurobindo's poems /
_bby S.P. Kavitha
260 _aChennai
_bThe Parkar
_c2008
270 _a293, Ahamed Complex, 2nd Floor, Royapettah High Road, Royapettah,
_bChennai
_e600014
300 _a92p.
_c22cm (pbk)
600 _aGhose, Aurobindo Sri
_xCriticism and interpretation.
650 _aEnglish poetry
_xCriticism and interpretation.
942 _2ddc
_cEN
_mKAV
_h881.08
999 _c24131
_d24131